000 00708nam a2200289Ia 4500
005 20260324113752.0
008 008 260324s9999 xx 000 0 eng d
020 _a9781003378266
037 _aEBOOK
040 _aCRL
040 _beng
040 _cCRL
041 _2eng
041 _aeng
084 _qCRL
100 _aTariq Ahmad Bhat; Jameel M. Al-Khayri
_91148098
245 0 _aGenetic Engineering
245 0 _bVolume 1: Principles Mechanism, and Expression
260 _bTaylor and Francis
260 _c2023
365 _a
365 _b275
856 _uhttp://www.taylorfrancis.com/books/9781003378266
942 _cEBOOK
999 _c1737924
_d1737924